[Event "Women's Chess Cup"]
[Site "Dresden GER"]
[Date "2006.07.07"]
[Round "1"]
[White "Lujan,C"]
[Black "Kachiani,K"]
[Result "0-1"]
[WhiteElo "2378"]
[BlackElo "2421"]
[EventDate "2006.07.07"]

1. e4 e5 2. Nf3 Nc6 3. Bb5 a6 4. Ba4 Nf6 5. O-O Be7 6. Re1 b5 7. Bb3 d6 8.
c3 O-O 9. h3 Nb8 10. d4 Nbd7 11. Nbd2 Bb7 12. Bc2 Re8 13. d5 c6 14. dxc6
Bxc6 15. Nf1 Qc7 16. Ng3 Bf8 17. Nf5 Nc5 18. Nd2 g6 19. Ng3 Bg7 20. Nb3 Ne6
21. Be3 d5 22. Nc5 Nxc5 23. Bxc5 dxe4 24. b4 Rad8 25. Qe2 Nd5 26. Nxe4 f5
27. Ng5 h6 28. Nf3 Nxc3 29. Qe3 Nd5 30. Qb3 Kh7 31. Nh4 e4 32. Rac1 Nf4 33.
Be3 Nd5 34. Bc5 Qe5 35. Bb1 Ba8 36. a4 Qb2 37. Qg3 Qf6 38. Bd4 Qxd4 39.
Qxg6+ Kh8 40. Nxf5 Qf6 41. Qg4 Qg5 42. Qxg5 hxg5 43. axb5 axb5 44. Bxe4 Bc3
45. Re2 Nf4 46. Ra2 Bxe4 47. Ng3 Bg7 48. Ra7 Ra8 0-1

[Event "Women's Chess Cup"]
[Site "Dresden GER"]
[Date "2006.07.07"]
[Round "1"]
[White "Polgar,Z"]
[Black "Jackova,J"]
[Result "1-0"]
[WhiteElo "2577"]
[BlackElo "2389"]
[EventDate "2006.07.07"]

1. d4 Nf6 2. Nf3 b6 3. e3 Bb7 4. Bd3 e6 5. c4 d5 6. O-O Bd6 7. b4 dxc4 8.
Bxc4 O-O 9. b5 a6 10. Nc3 Ne4 11. Nxe4 Bxe4 12. Bb2 axb5 13. Bxb5 Nd7 14.
Bd3 Bxd3 15. Qxd3 Qe7 16. e4 e5 17. Rfe1 c5 18. d5 Ra4 19. Nd2 Rfa8 20. a3
Rb8 21. Qb5 Ra5 22. Qc6 b5 23. a4 Rb6 24. Qc8+ Nf8 25. axb5 Raxb5 26. Bc3
Rb8 27. Qg4 h6 28. g3 Nd7 29. Ra7 R5b7 30. Rea1 Nb6 31. Rxb7 Rxb7 32. Rb1
Kh7 33. Qe2 Na4 34. Rxb7 Qxb7 35. Qc4 Qd7 36. Kg2 f5 37. exf5 Nxc3 38. Qxc3
Qxf5 39. Qf3 Kg6 40. Ne4 Qxf3+ 41. Kxf3 Bf8 42. Nd2 Kf6 43. Ke4 Bd6 44. Nc4
Bb8 45. f3 g6 46. Nb6 Ke7 47. Nc4 Kf6 48. h3 h5 49. h4 Bc7 50. d6 Bb8 51.
Kd5 1-0

[Event "Women's Chess Cup"]
[Site "Dresden GER"]
[Date "2006.07.07"]
[Round "1"]
[White "Socko,M"]
[Black "Fierro Baquero,M"]
[Result "1/2-1/2"]
[WhiteElo "2465"]
[BlackElo "2294"]
[EventDate "2006.07.07"]

1. d4 Nf6 2. c4 g6 3. Nc3 Bg7 4. e4 d6 5. Nf3 O-O 6. Be2 e5 7. Be3 exd4 8.
Nxd4 Re8 9. f3 Nc6 10. O-O Nh5 11. Qd2 Nf4 12. Nxc6 Nxe2+ 13. Nxe2 bxc6 14.
Bd4 c5 15. Bxg7 Kxg7 16. Nc3 Bb7 17. Rae1 Qd7 18. b3 Rad8 19. Rf2 Bc6 20.
Rfe2 f6 21. Nd1 Re7 22. Nf2 h5 23. Nd3 Rde8 24. Nf4 Qc8 25. h4 Qa8 26. Qe3
a5 27. Qf2 Kf7 28. Qg3 Rg8 29. Nd3 a4 30. Qf4 Kg7 31. g4 hxg4 32. Qxg4 axb3
33. axb3 Qc8 34. Qg3 Kf7 35. f4 Qb8 36. Nf2 Rh8 37. e5 dxe5 38. fxe5 f5 39.
Nh3 Qd8 40. e6+ Kf8 41. Nf4 Qd4+ 42. Rf2 Be8 43. Nd5 Rxh4 44. Qe3 Rg4+ 45.
Kf1 Qxe3 46. Rxe3 Bc6 47. Re5 Re4 48. Re2 1/2-1/2

[Event "Women's Chess Cup"]
[Site "Dresden GER"]
[Date "2006.07.07"]
[Round "2"]
[White "Lujan,C"]
[Black "Maric,A"]
[Result "1-0"]
[WhiteElo "2378"]
[BlackElo "2415"]
[EventDate "2006.07.07"]

1. e4 e6 2. d3 d5 3. Qe2 dxe4 4. dxe4 e5 5. Nf3 Nd7 6. c3 a5 7. Qc2 Ngf6 8.
Bc4 Bc5 9. O-O O-O 10. Bg5 c6 11. a4 Qc7 12. Nbd2 h6 13. Bh4 Nh5 14. Nb3
Bd6 15. Rad1 Nb6 16. Nbd2 Bg4 17. Ba2 Nf4 18. h3 Bd7 19. Nc4 Nxc4 20. Bxc4
Rae8 21. Qd2 Be6 22. Bxe6 Rxe6 23. Bg3 Nh5 24. Bh2 Qe7 25. Rfe1 g5 26. Re3
Nf4 27. Bxf4 exf4 28. Rd3 Bb8 29. Rd7 Qf6 30. Rxb7 Rxe4 31. Qd7 Rxa4 32.
Rb6 Rc4 33. Nd2 Ra4 34. Rxc6 Qg7 35. Nf3 Re4 36. Nd4 Rxd4 37. Qxd4 Be5 38.
Qd7 f3 39. g3 Bxg3 40. Qg4 Bb8 41. Rd5 Re8 42. Qxf3 Qf8 43. Rf5 Kg7 44.
Rcf6 Re7 45. Qh5 1-0

[Event "Women's Chess Cup"]
[Site "Dresden GER"]
[Date "2006.07.07"]
[Round "2"]
[White "Paehtz,E"]
[Black "Socko,M"]
[Result "1/2-1/2"]
[WhiteElo "2438"]
[BlackElo "2465"]
[EventDate "2006.07.07"]

1. e4 e6 2. d4 d5 3. Nd2 Nf6 4. e5 Nfd7 5. f4 c5 6. Ne2 Nc6 7. Nf3 Be7 8.
c3 O-O 9. a3 a5 10. Neg1 cxd4 11. cxd4 f5 12. Bd3 Nb6 13. Ne2 Bd7 14. h3 a4
15. g4 Na5 16. Rb1 Nbc4 17. Nc3 Nb6 18. Rg1 Rc8 19. Qe2 Nb3 20. Qg2 g6 21.
gxf5 exf5 22. Be3 Be6 23. Nd1 Nc4 24. Qe2 Nxe3 25. Qxe3 Rc6 26. Kf2 Qa5 27.
h4 Kf7 28. h5 gxh5 29. Nc3 Rxc3 30. bxc3 Qxc3 31. Rh1 h4 32. Nxh4 Nc5 33.
Ke2 Nb3 34. Nf3 Rh8 35. Rh6 Rg8 36. Rxe6 Rg2+ 37. Kf1 Rg3 38. Kf2 Rxf3+ 39.
Qxf3 Qxd4+ 40. Kg3 Kxe6 41. Rd1 Qc5 42. Bxf5+ Kxf5 43. Qg4+ Ke4 44. Qf3+
Kf5 45. Qg4+ Ke4 46. Re1+ Kd3 47. f5 Nd2 48. Qe2+ Kc2 49. Qd1+ Kd3 50. Qe2+
Kc2 51. f6 Qc3+ 52. Kg4 Bxa3 53. Qd1+ Kd3 54. Qe2+ Kc2 55. Qd1+ Kd3 56.
Qe2+ 1/2-1/2

[Event "Women's Chess Cup"]
[Site "Dresden GER"]
[Date "2006.07.07"]
[Round "2"]
[White "Sedina,E"]
[Black "Polgar,Z"]
[Result "1/2-1/2"]
[WhiteElo "2373"]
[BlackElo "2577"]
[EventDate "2006.07.07"]

1. e4 c5 2. Nf3 Nc6 3. c3 d5 4. exd5 Qxd5 5. d4 Bg4 6. Be2 cxd4 7. cxd4 e6
8. h3 Bh5 9. Nc3 Qa5 10. O-O Nf6 11. Qb3 Qb4 12. g4 Bg6 13. Be3 Qxb3 14.
axb3 Bd6 15. Ne5 Bxe5 16. dxe5 Nxe5 17. Bxa7 O-O 18. f4 Nc6 19. Bc5 Rfd8
20. Rxa8 Rxa8 21. Bf3 h5 22. b4 hxg4 23. hxg4 Nd7 24. Rd1 Nxc5 25. bxc5 Ra5
26. Rd7 Rxc5 27. Rxb7 Nd4 28. Kf2 Rc4 29. Be4 Bxe4 30. Nxe4 Nc2 31. Ng5 g6
32. Rxf7 e5 33. Rf6 exf4 34. Rxg6+ Kf8 35. Rf6+ Kg7 36. Rf5 Rb4 37. Ne6+
Kh7 38. Rxf4 Rxb2 39. Kg3 Ne3 40. Rf7+ Kg6 41. Ra7 Nf1+ 42. Kf4 Rf2+ 43.
Ke5 Re2+ 44. Kd6 Rd2+ 45. Ke5 Re2+ 46. Kd6 Rd2+ 47. Ke5 1/2-1/2

[Event "Women's Chess Cup"]
[Site "Dresden GER"]
[Date "2006.07.07"]
[Round "3"]
[White "Cramling,P"]
[Black "Hunt,H"]
[Result "0-1"]
[WhiteElo "2520"]
[BlackElo "2422"]
[EventDate "2006.07.07"]

1. Nf3 Nf6 2. c4 e6 3. Nc3 Bb4 4. Qb3 a5 5. g3 b6 6. Bg2 Bb7 7. O-O O-O 8.
d4 d6 9. Na4 d5 10. c5 bxc5 11. Nxc5 Ba6 12. Nxa6 Nxa6 13. Ne5 Qe8 14. Bf4
Rb8 15. Qd3 Rb6 16. Rfc1 Bd6 17. Qc3 Qb5 18. Rc2 Nb4 19. Rd2 a4 20. a3 Na6
21. Nd3 Rc6 22. Nc5 Nxc5 23. dxc5 Bxf4 24. gxf4 Rxc5 25. Qh3 Qc4 26. e3 Rb8
27. Bf1 Qb3 28. Bd3 g6 29. Rad1 Kg7 30. Kh1 Rb6 31. Qf1 Rbc6 32. Kg2 Qb7
33. Qe2 Rb6 34. f3 Ra5 35. Rc2 c5 36. Qd2 Qa8 37. Be2 c4 38. Qd4 Qb7 39.
Rdd2 Rb3 40. Kf2 Qb6 41. Qe5 Rab5 42. Bd1 h6 43. h4 h5 44. Re2 Ra5 45. Rcd2
Rbb5 46. Qc3 Ra8 47. Kg2 Qd8 48. Kh3 Kh7 49. Rg2 Ng8 50. Bc2 Qf6 51. Rd4
Kg7 52. Rd1 Rxb2 53. Qe5 Qxe5 54. fxe5 Ne7 55. f4 Rab8 56. Bxa4 Rxg2 57.
Kxg2 Ra8 58. Bc2 Rxa3 59. Kf3 Rc3 60. Bb1 Nc6 61. Ke2 Nb4 62. Kd2 Rb3 63.
Rc1 Kf8 0-1

[Event "Women's Chess Cup"]
[Site "Dresden GER"]
[Date "2006.07.07"]
[Round "3"]
[White "Fierro Baquero,M"]
[Black "Paehtz,E"]
[Result "0-1"]
[WhiteElo "2294"]
[BlackElo "2438"]
[EventDate "2006.07.07"]

1. e4 c5 2. Nf3 d6 3. d3 g6 4. g3 Bg7 5. Bg2 Nc6 6. O-O e5 7. c3 Nge7 8.
Be3 O-O 9. Nfd2 b6 10. Qe2 d5 11. f4 d4 12. Bf2 dxc3 13. bxc3 exf4 14. gxf4
Ba6 15. Nc4 b5 16. Nb2 b4 17. Rc1 Rb8 18. Nc4 bxc3 19. Nxc3 Nd4 20. Qd1 Qc7
21. Bg3 f5 22. e5 Bb7 23. Qf1 g5 24. Nd6 Bxg2 25. Qxg2 gxf4 26. Bxf4 Ng6
27. Nd5 Qd7 28. Rxc5 Ne6 29. Rc4 Kh8 30. Kh1 Ngxf4 31. Nxf4 Nxf4 32. Rxf4
Bxe5 0-1

[Event "Women's Chess Cup"]
[Site "Dresden GER"]
[Date "2006.07.07"]
[Round "3"]
[White "Jackova,J"]
[Black "Sedina,E"]
[Result "0-1"]
[WhiteElo "2389"]
[BlackElo "2373"]
[EventDate "2006.07.07"]

1. e4 e6 2. d4 d5 3. Nc3 Bb4 4. e5 c5 5. a3 Bxc3+ 6. bxc3 Ne7 7. Qg4 O-O 8.
Bd3 Qa5 9. Bd2 f5 10. exf6 Rxf6 11. Nf3 Nbc6 12. Qh5 Nf5 13. g4 c4 14. Be2
Nd6 15. Ne5 Ne4 16. f3 Nxd2 17. Kxd2 Nxd4 18. Nxc4 Qc7 19. cxd4 dxc4 20.
Qe5 Qc6 21. h4 Bd7 22. h5 Qd5 23. h6 Qxe5 24. dxe5 Rxh6 25. Rxh6 gxh6 26.
Bxc4 Rc8 27. Bb3 Kg7 28. f4 a5 29. a4 Rc5 30. Ke2 Bc6 31. Bxe6 Rxc2+ 32.
Kd3 Rf2 33. f5 Rf4 34. f6+ Kg6 35. Kc3 Rxa4 36. Rf1 Ra3+ 37. Bb3 Bd5 38.
Kd4 Bxb3 39. Rf3 Ra4+ 40. Kc5 Bf7 41. Kd6 Rd4+ 42. Ke7 Re4 0-1

[Event "Women's Chess Cup"]
[Site "Dresden GER"]
[Date "2006.07.07"]
[Round "3"]
[White "Winkelmann,E"]
[Black "Polgar,Z"]
[Result "1/2-1/2"]
[WhiteElo "2055"]
[BlackElo "2577"]
[EventDate "2006.07.07"]

1. c4 e5 2. Nc3 Nc6 3. Nf3 Nf6 4. a3 d5 5. cxd5 Nxd5 6. Qc2 Nde7 7. e3 g6
8. b4 a6 9. Bb2 Bg7 10. Bc4 h6 11. d3 O-O 12. O-O b6 13. Rad1 Bb7 14. Ne2
Qe8 1/2-1/2

[Event "Women's Chess Cup"]
[Site "Dresden GER"]
[Date "2006.07.07"]
[Round "4.1"]
[White "Hunt,H"]
[Black "Socko,M"]
[Result "0-1"]
[WhiteElo "2422"]
[BlackElo "2465"]
[EventDate "2006.07.07"]

1. e4 g6 2. d4 d6 3. Nf3 Bg7 4. Nc3 Nf6 5. Be3 a6 6. a4 b6 7. Bd3 Bb7 8.
Qe2 c5 9. d5 O-O 10. O-O Ng4 11. Bg5 Nd7 12. Qd2 Nde5 13. Nxe5 Nxe5 14. Be2
Bc8 15. h3 f5 16. Rae1 Nf7 17. Bh4 Bf6 18. Bxf6 exf6 19. f4 fxe4 20. Nxe4
f5 21. Nc3 Bd7 22. Bc4 Qf6 23. Re6 Qd4+ 24. Qxd4 cxd4 25. Ne2 Rfc8 26. Bb3
Kf8 27. Nxd4 Bxe6 28. dxe6 Nd8 29. g4 Rc5 30. Rf2 Ra7 31. gxf5 gxf5 32. Rg2
d5 33. Re2 Nc6 34. Nxf5 d4 35. Nd6 d3 36. Rg2 dxc2 37. Bxc2 Nd4 38. Be4
Nxe6 39. f5 Nf4 40. Rd2 Nxh3+ 41. Kh2 Ng5 42. Bg2 Rd7 43. f6 Nf7 44. Ne4
Rxd2 45. Nxd2 Rc2 0-1

[Event "Women's Chess Cup"]
[Site "Dresden GER"]
[Date "2006.07.07"]
[Round "4.1"]
[White "Macek,V"]
[Black "Polgar,Z"]
[Result "0-1"]
[WhiteElo "2243"]
[BlackElo "2577"]
[EventDate "2006.07.07"]

1. d4 d5 2. c4 dxc4 3. Nf3 c5 4. e3 cxd4 5. exd4 Be6 6. Nbd2 Nf6 7. Nxc4
Nc6 8. Nce5 Bd5 9. Bd2 a6 10. Bc3 e6 11. Be2 Be7 12. O-O O-O 13. Nxc6 Bxc6
14. Ne5 Bd5 15. Bf3 Bxf3 16. Qxf3 Qd5 17. Rfd1 Qxf3 18. Nxf3 Nd5 19. Be1
Bf6 20. g3 Rfd8 21. Kf1 Rd6 22. Rd3 Rc8 23. Rad1 Rb6 24. Rb3 Rxb3 25. axb3
Kf8 26. Ke2 Ke7 27. Kd3 Rc6 28. Bc3 g6 29. Ra1 h5 30. Nd2 Rb6 31. Ra4 Bg7
32. b4 Rc6 33. Ra5 Rb6 34. Kc4 Nc7 35. Rc5 Nb5 36. Ne4 Bf8 37. d5 exd5+ 38.
Rxd5 Rc6+ 39. Rc5 Re6 40. Re5 Rxe5 41. Bxe5 Ke6 42. Bc3 Kd7 43. Be5 Be7 44.
f4 Kc6 45. Bc3 Nc7 46. Ng5 Bxg5 47. fxg5 Ne6 48. Bf6 b5+ 49. Kd3 Kd5 50. b3
Nc7 51. Bd8 Ne8 52. Ke3 Nd6 53. Kd3 Ne4 54. Be7 Nf2+ 55. Ke2 Ng4 56. h3 Ne5
57. Ke3 Nc6 58. Bf8 Nd4 59. Kd3 Nf3 60. Be7 Ne5+ 61. Ke3 Nc6 62. Bf8 Nd4
63. Kd3 Nf5 64. g4 hxg4 65. hxg4 Nd4 66. Bg7 Nf3 67. Bf6 Nh2 68. Bd8 Nxg4
69. Be7 Ne5+ 70. Ke3 Nc6 71. Bf8 Nd4 72. Kd3 Ne6 73. Be7 Ke5 0-1

[Event "Women's Chess Cup"]
[Site "Dresden GER"]
[Date "2006.07.07"]
[Round "4.1"]
[White "Paehtz,E"]
[Black "Cramling,P"]
[Result "1/2-1/2"]
[WhiteElo "2438"]
[BlackElo "2520"]
[EventDate "2006.07.07"]

1. e4 c5 2. Nf3 Nc6 3. d4 cxd4 4. Nxd4 e5 5. Nb5 d6 6. N1c3 a6 7. Na3 Be7
8. Nc4 b5 9. Ne3 Nf6 10. a3 Be6 11. g3 h5 12. h4 Nd4 13. Bg2 Qd7 14. Ncd5
Bxd5 15. exd5 g6 16. c3 Nf5 17. Bh3 Rc8 18. Qf3 Rc5 19. Nxf5 gxf5 20. Be3
Rxd5 21. Bxf5 Qc6 22. O-O Qc4 23. Rad1 e4 24. Qf4 Rxd1 25. Rxd1 Nd5 26.
Qxe4 Qxe4 27. Bxe4 Nxe3 28. fxe3 Kd7 29. Bb7 Kc7 30. Bf3 Bf6 31. Rd5 Be5
32. Kh2 Rg8 33. Bxh5 Bxg3+ 34. Kh1 Bxh4 35. Bxf7 Rg5 36. e4 Rxd5 37. Bxd5
Bg5 38. b3 Bc1 39. c4 1/2-1/2

[Event "Women's Chess Cup"]
[Site "Dresden GER"]
[Date "2006.07.07"]
[Round "4.1"]
[White "Ushenina,A"]
[Black "Heinatz,G"]
[Result "1-0"]
[WhiteElo "2397"]
[BlackElo "2277"]
[EventDate "2006.07.07"]

1. d4 Nf6 2. c4 g6 3. Nc3 d5 4. Bf4 Bg7 5. e3 O-O 6. Rc1 c6 7. Nf3 Qa5 8.
Bd3 dxc4 9. Bxc4 b5 10. Bd3 Nd5 11. Bxb8 Rxb8 12. Qd2 Nxc3 13. bxc3 Be6 14.
O-O Rfd8 15. Ng5 Qxa2 16. Qxa2 Bxa2 17. Ra1 Bc4 18. Bxc4 bxc4 19. Rxa7 Rb3
20. Ne4 e5 21. g3 Rdb8 22. Rc1 Rb2 23. Nd6 exd4 24. cxd4 Rb1 25. Ra1 Rxa1
26. Rxa1 c3 27. Rc1 Rb3 28. Ne4 f5 29. Nxc3 c5 30. Ne2 cxd4 31. Nxd4 Bxd4
32. exd4 Rd3 33. Rc4 Kf7 34. Kf1 Ke6 35. Ke2 Ra3 36. Rc7 Ra4 37. Ke3 Ra3+
38. Kf4 Rd3 39. Kg5 Rxd4 40. Rxh7 Rg4+ 41. Kh6 f4 42. Rh8 fxg3 43. fxg3 Kf5
44. Rf8+ Ke5 45. Rb8 Kf5 46. Rb5+ Kf6 47. Rb6+ Kf5 48. Rc6 Ra4 49. Rxg6 Ra8
50. Rg7 Rh8+ 51. Rh7 Rg8 52. Rf7+ Ke6 53. Rf2 Ke5 54. Kh5 Rh8+ 55. Kg4 Rg8+
56. Kh3 Ke6 57. g4 1-0

[Event "Women's Chess Cup"]
[Site "Dresden GER"]
[Date "2006.07.07"]
[Round "4.2"]
[White "Cramling,P"]
[Black "Paehtz,E"]
[Result "0-1"]
[WhiteElo "2520"]
[BlackElo "2438"]
[EventDate "2006.07.07"]

1. Nf3 Nf6 2. c4 e6 3. g3 d5 4. d4 dxc4 5. Qa4+ Nbd7 6. Bg2 c5 7. O-O a6 8.
dxc5 Bxc5 9. Qxc4 b5 10. Qd3 Bb7 11. Nc3 O-O 12. Bf4 Qb6 13. a4 Rfd8 14.
axb5 e5 15. Na4 Qa7 16. b4 e4 17. Qc3 Nd5 18. Qb2 Bxf2+ 19. Rxf2 exf3 20.
b6 N7xb6 21. Bxf3 Nxf4 22. gxf4 Bxf3 23. Nxb6 Qxb6 24. exf3 Rd4 25. b5 a5
26. Kh1 Rxf4 27. Rc1 Rb4 28. Qc3 g6 29. Qc6 Qxf2 30. Qxa8+ Kg7 31. Qd5 Rh4
32. Qe5+ Kh6 33. Rg1 Qxf3+ 34. Rg2 Re4 35. Qg5+ Kg7 36. Qd2 Qf1+ 37. Rg1
Qxb5 38. Qc3+ Qe5 39. Qxe5+ Rxe5 40. Ra1 0-1

[Event "Women's Chess Cup"]
[Site "Dresden GER"]
[Date "2006.07.07"]
[Round "4.2"]
[White "Heinatz,G"]
[Black "Ushenina,A"]
[Result "0-1"]
[WhiteElo "2277"]
[BlackElo "2397"]
[EventDate "2006.07.07"]

1. d4 d5 2. Nf3 Nf6 3. c4 dxc4 4. Nc3 a6 5. a4 Nc6 6. e3 Na5 7. Ne5 Be6 8.
f4 g6 9. Qf3 Bg7 10. Be2 c5 11. dxc5 Nd7 12. Nxd7 Qxd7 13. O-O Nb3 14. Rb1
Nxc5 15. e4 f6 16. f5 Bf7 17. Rd1 Qc6 18. Nd5 Nd7 19. Bf4 Bxd5 20. exd5
Qc5+ 21. Kh1 Ne5 22. Bxe5 fxe5 23. fxg6 hxg6 24. Rbc1 b5 25. d6 Ra7 26. d7+
Kd8 27. axb5 axb5 28. b3 e4 29. Qg4 Qh5 30. Qxh5 gxh5 31. bxc4 bxc4 32.
Rxc4 Rxd7 33. Rb1 Rc7 34. Rxe4 Kd7 35. Rd1+ Ke8 36. Bb5+ Kf7 37. Bc4+ Kg6
38. Re6+ Bf6 39. Bd3+ Kf7 40. Re3 h4 41. Rf3 Rb8 42. Kg1 Rb2 43. Rf2 Rxf2
44. Kxf2 Rb7 45. Kf3 Kg7 46. Kg4 Rb2 47. Be4 Rb4 48. Kf3 Rb3+ 49. Kf4 Rb5
50. Rd8 e5+ 0-1

[Event "Women's Chess Cup"]
[Site "Dresden GER"]
[Date "2006.07.07"]
[Round "4.2"]
[White "Polgar,Z"]
[Black "Macek,V"]
[Result "1-0"]
[WhiteElo "2577"]
[BlackElo "2243"]
[EventDate "2006.07.07"]

1. d4 d5 2. Nf3 Nf6 3. c4 c6 4. Nc3 a6 5. e3 b5 6. b3 Bg4 7. h3 Bxf3 8.
Qxf3 bxc4 9. bxc4 e6 10. Bd2 Nbd7 11. Qd1 dxc4 12. Bxc4 c5 13. d5 Nb6 14.
dxe6 Nxc4 15. Qa4+ Ke7 16. Qxc4 fxe6 17. Qxc5+ Kf7 18. Qc4 Be7 19. Ne4 Nxe4
20. Qxe4 Bf6 21. Rd1 Ra7 22. Bb4 Qb6 23. O-O a5 24. Ba3 Qb7 25. Qg4 h5 26.
Qa4 Rc8 27. Rb1 Qc6 28. Qxc6 Rxc6 29. Rfc1 Rxc1+ 30. Rxc1 Rd7 31. Rc2 Rd1+
32. Kh2 Be5+ 33. f4 Rd3 34. Bc5 Bf6 35. a4 h4 36. Bb6 Bc3 37. g3 Kf6 38.
Rxc3 1-0

[Event "Women's Chess Cup"]
[Site "Dresden GER"]
[Date "2006.07.07"]
[Round "4.2"]
[White "Socko,M"]
[Black "Hunt,H"]
[Result "1/2-1/2"]
[WhiteElo "2465"]
[BlackElo "2422"]
[EventDate "2006.07.07"]

1. d4 Nf6 2. c4 e6 3. Nc3 Bb4 4. Qc2 O-O 5. a3 Bxc3+ 6. Qxc3 b5 7. cxb5 c6
8. e3 Bb7 9. Nf3 Qb6 10. Qc5 Qc7 11. Bd3 d6 12. Qc2 Qb6 13. bxc6 Nxc6 14.
b4 Rac8 15. Qe2 Rfe8 16. O-O e5 17. dxe5 dxe5 18. b5 Na5 19. e4 Nb3 20. Rb1
Nd4 21. Nxd4 exd4 22. e5 Nd5 23. Bd2 Nc3 24. Bxc3 Rxc3 25. Rbc1 Qc5 26.
Rxc3 dxc3 27. Re1 Qxa3 28. f4 Qb4 29. Qe3 Bd5 30. Bxh7+ Kxh7 31. Qd3+ Kg8
32. Qxd5 Qxf4 33. e6 f5 34. Qd7 Qb8 35. Qf7+ Kh7 36. Qh5+ Kg8 37. Qf7+
1/2-1/2

[Event "Women's Chess Cup"]
[Site "Dresden GER"]
[Date "2006.07.08"]
[Round "5.1"]
[White "Chang,S"]
[Black "Sebag,M"]
[Result "0-1"]
[WhiteElo "2091"]
[BlackElo "2434"]
[EventDate "2006.07.07"]

1. d4 d5 2. c4 c6 3. Nf3 Nf6 4. e3 Bf5 5. cxd5 cxd5 6. Nc3 e6 7. Nh4 Be4 8.
f3 Bg6 9. Nxg6 hxg6 10. Qb3 Qb6 11. Qxb6 axb6 12. Bb5+ Nc6 13. Kf2 Be7 14.
Bd2 O-O 15. a3 Rfc8 16. Na4 Bd8 17. Rac1 Ne8 18. Nc3 Nd6 19. Bd3 Na5 20.
Nb5 Nxb5 21. Bxb5 Be7 22. Bxa5 bxa5 23. Bd7 Rd8 24. Bb5 Rac8 25. Ke2 g5 26.
a4 Bd6 27. h3 Kf8 28. Kd3 Ke7 29. Rc3 Bb4 30. Rcc1 f5 31. Rcd1 Rc7 32. Rc1
Rdc8 33. Rxc7+ Rxc7 34. h4 gxh4 35. Rxh4 Rc1 36. g4 Rg1 37. gxf5 exf5 38.
Rh2 Kf6 39. f4 g5 40. fxg5+ Kxg5 41. Re2 Kg4 42. Bd7 Kf3 43. Rh2 Kg3 44.
Re2 f4 45. exf4 Kxf4 46. Rf2+ Kg3 47. Rc2 Rd1+ 48. Ke3 Re1+ 49. Re2 Rf1 50.
Kd3 Rd1+ 51. Ke3 Bd6 52. Rc2 Bf4+ 53. Ke2 Rxd4 54. Bc8 Rb4 55. Rc3+ Kh4 56.
b3 Kg5 57. Rd3 d4 58. Kf3 Be3 59. Ke4 Kh4 60. Be6 Kg3 61. Bd5 Kf2 62. Bc4
Ke1 63. Bb5 Kf2 64. Kd5 Kf3 65. Kc5 Ke4 66. Bc4 b6+ 67. Kd6 Rxc4 0-1

[Event "Women's Chess Cup"]
[Site "Dresden GER"]
[Date "2006.07.08"]
[Round "5.1"]
[White "Paehtz,E"]
[Black "Kachiani,K"]
[Result "1-0"]
[WhiteElo "2438"]
[BlackElo "2421"]
[EventDate "2006.07.07"]

1. e4 e5 2. Nf3 Nc6 3. Bb5 a6 4. Ba4 Nf6 5. d3 d6 6. c3 Bd7 7. O-O Be7 8.
Re1 O-O 9. Bc2 Re8 10. Nbd2 Bf8 11. Nf1 g6 12. Ng3 Bg7 13. h3 h6 14. d4 Nh7
15. Be3 Ng5 16. Nxg5 hxg5 17. f3 Qe7 18. Qd2 Bf6 19. Rad1 Kg7 20. Nh1 Rh8
21. Nf2 Rae8 22. Bb3 Na5 23. dxe5 Qxe5 24. Bd5 c6 25. Bd4 Qe7 26. Bb3 Nxb3
27. axb3 Be6 28. Bxf6+ Qxf6 29. Qxd6 Bxb3 30. Qxf6+ Kxf6 31. Rd4 c5 32. Rd7
b6 33. Re2 Rd8 34. Red2 Rxd7 35. Rxd7 Rb8 36. Rd6+ Ke5 37. Rc6 Kf4 38. Rd6
Ke5 39. Rc6 Kf4 40. Nd3+ Ke3 41. Rd6 a5 42. Ne5 a4 43. Kf1 Kf4 44. Nc6 Re8
45. Kf2 g4 46. hxg4 Re6 47. g3+ Kg5 48. e5 b5 49. Na5 Ba2 50. Nb7 c4 51.
Rxe6 fxe6 52. Nc5 Bb1 53. Nxe6+ Kh6 54. Nc5 Bc2 55. Na6 Kg7 56. Nb4 Bb1 57.
Ke3 Kf7 58. f4 Ke6 59. Kd4 1-0

[Event "Women's Chess Cup"]
[Site "Dresden GER"]
[Date "2006.07.08"]
[Round "5.1"]
[White "Polgar,Z"]
[Black "Ushenina,A"]
[Result "1-0"]
[WhiteElo "2577"]
[BlackElo "2397"]
[EventDate "2006.07.07"]

1. d4 d5 2. Nf3 Nf6 3. g3 c6 4. Bg2 Bf5 5. O-O e6 6. b3 h6 7. Bb2 Nbd7 8.
c4 Bd6 9. Nbd2 O-O 10. Ne5 Qe7 11. e3 Ba3 12. Bxa3 Qxa3 13. f4 Bh7 14. c5
Rac8 15. Qc1 Qxc1 16. Raxc1 Rfe8 17. b4 a5 18. bxa5 Ra8 19. Nb3 Nxe5 20.
fxe5 Nd7 21. Rc3 f6 22. exf6 Nxf6 23. Rd1 e5 24. Bf1 Ne4 25. Rcc1 exd4 26.
exd4 Ng5 27. h4 Ne4 28. Re1 Nxg3 29. a6 bxa6 30. Na5 Nf5 31. Nxc6 Nxh4 32.
Rxe8+ Rxe8 33. Bxa6 Be4 34. Bb7 Nf3+ 35. Kf2 g5 36. a4 g4 37. a5 h5 38. Kg3
Bd3 39. a6 Bxa6 40. Bxa6 Re4 41. Nb4 h4+ 42. Kf2 Nxd4 43. Nxd5 g3+ 44. Kg2
Re5 45. c6 Nxc6 46. Rxc6 Kg7 47. Nf4 Re4 48. Nh5+ Kf7 49. Rf6+ Ke7 50. Rf4
Re5 51. Ng7 Ra5 52. Bc4 h3+ 53. Kxh3 g2 54. Rg4 Kf6 55. Rxg2 Ra4 56. Nh5+
Ke5 57. Be2 1-0

[Event "Women's Chess Cup"]
[Site "Dresden GER"]
[Date "2006.07.08"]
[Round "5.1"]
[White "Socko,M"]
[Black "Lujan,C"]
[Result "0-1"]
[WhiteElo "2465"]
[BlackElo "2378"]
[EventDate "2006.07.07"]

1. d4 Nf6 2. c4 g6 3. Nc3 d5 4. cxd5 Nxd5 5. e4 Nxc3 6. bxc3 Bg7 7. Bc4 O-O
8. Ne2 c5 9. Be3 Nc6 10. O-O Qc7 11. Rc1 Na5 12. Bd3 b6 13. Qd2 Rd8 14.
Rfd1 Bd7 15. d5 e5 16. c4 Nb7 17. Rf1 Rf8 18. Bh6 Rae8 19. Rc3 f5 20. Bxg7
Kxg7 21. exf5 gxf5 22. Bb1 Qd8 23. f4 e4 24. Ng3 Qh4 25. Qe2 Kf7 26. Nh5
Rg8 27. Rg3 Rxg3 28. hxg3 Qg4 29. Qxg4 fxg4 30. f5 Nd6 31. Nf4 Nxf5 32. Ne6
Bxe6 33. dxe6+ Kxe6 34. Bxe4 Nxg3 35. Bd5+ Kd6 36. Rf6+ Ke5 37. Rf7 Ne2+
38. Kf2 Nc3 39. Rxh7 Nxd5 40. Rh5+ Kd4 41. cxd5 Rd8 42. Rg5 Rxd5 43. Rxg4+
Kc3 44. Rg7 Rd2+ 45. Kf3 Rxa2 46. g4 Ra1 47. g5 b5 48. Kf2 b4 49. Rc7 c4
50. g6 Ra6 51. g7 Rg6 52. Rxa7 b3 53. Ke3 b2 54. Ra3+ Kc2 0-1

[Event "Women's Chess Cup"]
[Site "Dresden GER"]
[Date "2006.07.08"]
[Round "5.2"]
[White "Kachiani,K"]
[Black "Paehtz,E"]
[Result "0-1"]
[WhiteElo "2421"]
[BlackElo "2438"]
[EventDate "2006.07.07"]

1. d4 e6 2. c4 Nf6 3. g3 d5 4. Nf3 dxc4 5. Bg2 a6 6. O-O Be7 7. Ne5 O-O 8.
Nxc4 Nc6 9. e3 Rb8 10. Nc3 Nd5 11. Ne4 b5 12. Ncd2 e5 13. Nb3 exd4 14. exd4
Rb6 15. Bd2 Bf5 16. Qf3 Bg6 17. Nec5 Nf6 18. d5 Ne5 19. Qc3 Nc4 20. Rfe1
Bxc5 21. Nxc5 Nxd5 22. Qd4 Nxd2 23. Qxd2 Nf6 24. Qc3 Qc8 25. Re7 Re8 26.
Rae1 Rxe7 27. Rxe7 h6 28. h3 Rd6 29. Qa5 Qf5 30. Rxc7 Rd1+ 31. Kh2 Qxf2 32.
Rc8+ Kh7 33. Qxa6 Qg1+ 0-1

[Event "Women's Chess Cup"]
[Site "Dresden GER"]
[Date "2006.07.08"]
[Round "5.2"]
[White "Socko,M"]
[Black "Lujan,C"]
[Result "1-0"]
[WhiteElo "2465"]
[BlackElo "2378"]
[EventDate "2006.07.07"]

1. e4 g6 2. d4 d6 3. Nf3 Bg7 4. c3 Nf6 5. Bd3 Nc6 6. h3 O-O 7. O-O e5 8.
dxe5 dxe5 9. Be3 Nh5 10. Bb5 Bd7 11. Nbd2 a6 12. Be2 Nf4 13. Nb3 Nxe2+ 14.
Qxe2 b6 15. Rfd1 Qe8 16. c4 Kh8 17. a4 f5 18. exf5 gxf5 19. Qd2 Be6 20. Bh6
Bxc4 21. Bxg7+ Kxg7 22. Qc3 Bxb3 23. Qxb3 Rd8 24. Re1 e4 25. Qc3+ Rf6 26.
Rac1 Rdd6 27. b4 Qh5 28. Ne5 Nxe5 29. Qxe5 Qf7 30. Rc3 Kg8 31. Rec1 c6 32.
a5 b5 33. Rc5 Qd7 34. R1c3 Kf7 35. f3 Rde6 36. Qg3 f4 37. Qh4 Qd4+ 38. Kh2
e3 39. Qxh7+ Ke8 40. Rd3 Qxd3 41. Qxd3 e2 42. Rc1 e1=Q 43. Rxe1 Rxe1 44.
Qh7 Re7 45. Qh8+ Rf8 46. Qh5+ Kd7 47. Qc5 Rf6 48. Qa7+ Ke8 49. Qxa6 Re2 50.
Qc8+ Kf7 51. Qd7+ Re7 52. Qd4 Ree6 53. a6 c5 54. Qd7+ Re7 55. Qd5+ Kf8 56.
Qxc5 Kf7 57. Qd5+ 1-0

[Event "Women's Chess Cup"]
[Site "Dresden GER"]
[Date "2006.07.08"]
[Round "5.2"]
[White "Ushenina,A"]
[Black "Polgar,Z"]
[Result "0-1"]
[WhiteElo "2397"]
[BlackElo "2577"]
[EventDate "2006.07.07"]

1. d4 d5 2. c4 dxc4 3. e4 e5 4. Nf3 Bb4+ 5. Nbd2 c3 6. bxc3 Bxc3 7. Rb1
exd4 8. Bc4 Nc6 9. O-O Qf6 10. Rb5 Nge7 11. Rg5 Ng6 12. Ba3 Bb4 13. Bxb4
Nxb4 14. h4 h6 15. Rb5 Nc6 16. e5 Qe7 17. h5 Nf4 18. Ne4 a6 19. Rb2 Nxe5
20. Re1 O-O 21. Qxd4 Nxf3+ 22. gxf3 b5 23. Bd5 c5 24. Qd2 Nxd5 25. Qxd5 Bb7
26. Qxc5 Qxc5 27. Nxc5 Bxf3 28. Re5 Rfd8 29. a4 bxa4 30. Nxa4 Rd1+ 31. Kh2
Rh1+ 32. Kg3 Rxh5 33. Re7 Bc6 34. Nc3 Rg5+ 35. Kf4 Rd8 36. Rb6 Rc5 37. Ne2
Rc4+ 38. Kg3 Rd3+ 39. Re3 Rxe3+ 40. fxe3 a5 41. Nd4 Be4 42. Kf4 Bd3 43.
Rb8+ Kh7 44. Rb7 g5+ 45. Ke5 Kg6 46. Rb6+ Kg7 47. Kd5 Rc8 48. Rb7 Re8 49.
Rb3 Be4+ 50. Kd6 h5 0-1